Perritos / (Record no. 23867)

MARC details
000 -LEADER
fixed length control field 01349cam a2200385Ia 4500
001 - CONTROL NUMBER
control field 51846584
003 - CONTROL NUMBER IDENTIFIER
control field OCoLC
005 - DATE AND TIME OF LATEST TRANSACTION
control field 20200214141752.0
008 - FIXED-LENGTH DATA ELEMENTS--GENERAL INFORMATION
fixed length control field 030312s2002 okua j 000 0 spa d
020 ## - INTERNATIONAL STANDARD BOOK NUMBER
International Standard Book Number 0746050909
020 ## - INTERNATIONAL STANDARD BOOK NUMBER
International Standard Book Number 9780746050903 (Bd. book)
040 ## - CATALOGING SOURCE
Original cataloging agency BIB
Transcribing agency BIB
Modifying agency SAP
-- CZA
041 1# - LANGUAGE CODE
Language code of text/sound track or separate title spa
Language code of original eng
092 ## - LOCALLY ASSIGNED DEWEY CALL NUMBER (OCLC)
Classification number E
100 1# - MAIN ENTRY--PERSONAL NAME
Personal name Watt, Fiona.
240 10 - UNIFORM TITLE
Uniform title <a href="Puppies.">Puppies.</a>
Language of a work Spanish.
245 10 - TITLE STATEMENT
Title Perritos /
Statement of responsibility, etc. [texto, Fiona Watt ; ilustraciones, Rachel Wells ; traduccion, Begona Rodriguez de Cespedes].
250 ## - EDITION STATEMENT
Edition statement 1. ed. en lengua espanola para Estados Unidos.
260 ## - PUBLICATION, DISTRIBUTION, ETC. (IMPRINT)
Place of publication, distribution, etc. Tulsa, Okla. :
Name of publisher, distributor, etc. EDC Pub.,
Date of publication, distribution, etc. 2002.
300 ## - PHYSICAL DESCRIPTION
Extent 1 v. (unpaged) :
Other physical details col. ill. ;
Dimensions 22 cm.
490 1# - SERIES STATEMENT
Series statement Toca, toca!
500 ## - GENERAL NOTE
General note Title from cover.
500 ## - GENERAL NOTE
General note Translation of: Puppies.
500 ## - GENERAL NOTE
General note On board pages.
520 ## - SUMMARY, ETC.
Summary, etc. En este libro para ni©łos, las caricaturas de perritos incorporan texturas diversas. Los perritos olisquean, juegan, corren, excavan, y duermen.
520 ## - SUMMARY, ETC.
Summary, etc. Turn the pages and touch the feely areas of the puppy.
650 #0 - SUBJECT ADDED ENTRY--TOPICAL TERM
Topical term or geographic name as entry element Puppies
Form subdivision Juvenile fiction.
650 #0 - SUBJECT ADDED ENTRY--TOPICAL TERM
Topical term or geographic name as entry element Dogs
Form subdivision Fiction.
650 #1 - SUBJECT ADDED ENTRY--TOPICAL TERM
Topical term or geographic name as entry element Textures
Form subdivision Fiction.
650 #1 - SUBJECT ADDED ENTRY--TOPICAL TERM
Topical term or geographic name as entry element Spanish language materials.
650 #7 - SUBJECT ADDED ENTRY--TOPICAL TERM
Topical term or geographic name as entry element Perros
Form subdivision Novela infantil.
Source of heading or term bidex.
700 1# - ADDED ENTRY--PERSONAL NAME
Personal name Wells, Rachel,
Relator term ill.
800 1# - SERIES ADDED ENTRY--PERSONAL NAME
Personal name Watt, Fiona.
Title of a work Toca, toca!
942 ## - ADDED ENTRY ELEMENTS (KOHA)
Koha item type Libro/Book
Source of classification or shelving scheme Dewey Decimal Classification

No items available.

Powered by Koha